Development of an image-based non-contact extensometer

Na minha lista:
Detalhes bibliográficos
Autor principal: Kishore Umaraniya, Ankit (Author)
Outros Autores: Koščo, Tomáš (Thesis advisor)
Formato: Manuscrito Livro
Idioma:eslovaco
inglês
Publicado em: 2025
Assuntos:
Acesso em linha:http://is.stuba.sk/zp/portal_zp.pl?podrobnosti=187240
Tags: Adicionar Tag
Sem tags, seja o primeiro a adicionar uma tag!

MARC

LEADER 00000ntm a22000003a 4500
001 stuzp105974
003 SK-STU
005 20250621210612.0
007 ta
008 150427s2015----xo-----f-mn---000-0-slo-d
040 |a STU  |b slo 
041 0 |a eng 
100 1 |a Kishore Umaraniya, Ankit  |u 020010  |4 aut  |U SjF Strojnícka fakulta  |T SjF Ústav aplikovanej mechaniky a mechatroniky  |X 129557  |U J0010  |Y 801  |7 129557 
242 0 1 |a VÝVOJ OBRAZOM ZALOŽENÉHO BEZKONTAKTNÉHO EXTENZOMETRA  |y slo 
245 1 0 |a Development of an image-based non-contact extensometer 
260 |c 2025 
650 4 |a Počítačové videnie  |2 slo 
650 4 |a Testovanie materiálov  |2 slo 
650 4 |a Analýza deformácie  |2 slo 
650 4 |a Vývoj softvéru  |2 slo 
650 4 |a OpenCV  |2 slo 
650 4 |a Ťahové skúšky  |2 slo 
650 4 |a Sledovanie značiek  |2 slo 
650 4 |a Bezkontaktný extenzometer  |2 slo 
650 4 |a voľba značiek  |2 slo 
650 4 |a Digitálna korelácia obrazu (DIC)  |2 slo 
650 4 |a Material Testing  |2 eng 
650 4 |a Strain Analysis  |2 eng 
650 4 |a Marker Selection  |2 eng 
650 4 |a Digital Image Correlation (DIC)  |2 eng 
650 4 |a Computer Vision  |2 eng 
650 4 |a OpenCV  |2 eng 
650 4 |a Non-contact extensometer  |2 eng 
650 4 |a Software Development  |2 eng 
650 4 |a Marker Tracking  |2 eng 
650 4 |a Tensile Testing  |2 eng 
700 1 |a Koščo, Tomáš  |u 020010  |k Z2  |4 ths  |U SjF Strojnícka fakulta  |T SjF Ústav aplikovanej mechaniky a mechatroniky  |X 76341  |U J0010  |Y 801  |7 76341 
856 4 |u http://is.stuba.sk/zp/portal_zp.pl?podrobnosti=187240